| 000 | 01838nam1a2200349 i 4500 | ||
|---|---|---|---|
| 001 | RU\NLR\BIBL_A\011660202 | ||
| 005 | 20260407065856.0 | ||
| 010 | _a9785938986176 | ||
| 035 | _a(NLR Aleph) 011660202 | ||
| 090 |
_a11176740 _c11176740 |
||
| 100 | _a20180319g20179999u y0rusy50 ca | ||
| 101 | 0 | _arus | |
| 102 | _aRU | ||
| 105 | _a||||z|||||||| | ||
| 200 | 1 |
_aПушкин в жизни _eсистематический свод подлинных свидетельств современников _e[в 2 т.] _fВикентий Вересаев _g[статья А.Ю. Чернова _gхроника составлена Ф.М. Лурье] |
|
| 210 |
_aСанкт-Петербург _cВита Нова _d2017 |
||
| 215 | _d24 | ||
| 225 | 1 | _aЛитературное приложение к серии "Жизнеописания" | |
| 333 | _a16+ | ||
| 600 | 1 |
_aПушкин _bА.С. _f1799 - 1837 _gАлександр Сергеевич _jВоспоминания, записки и т.п. _91155086 _3RU\NLR\AUTH\66143362 |
|
| 604 |
_1200#1$aПушкин$gАлександр Сергеевич$bА.С.$f1799 - 1837 _1235|#$aРисунки _aПушкин, Александр Сергеевич (1799 - 1837) _tРисунки _3RU\NLR\AUTH\66927080 _92015517 |
||
| 686 | 2 | _aШ5(2=Р)51-4Пушкин14 | |
| 686 | 2 | _aШ5(2=Р)51-4Пушкин807 | |
| 700 | 1 |
_8rus _7ca _aВересаев _bВ. В. _f1867-1945 _gВикентий Викентьевич _3RU\NLR\AUTH\7716763 _9126397 |
|
| 702 | 1 |
_4570 _8rus _7ca _aПушкин _bА. С. _cпоэт _f1799-1837 _gАлександр Сергеевич _3RU\NLR\AUTH\77386 _9110441 |
|
| 852 |
_aNLR _j2018-7/1605 |
||
| 942 | _cBOOK | ||
| 980 | _aNBR | ||